| 000 | nam a22 a 4500 | ||
|---|---|---|---|
| 999 |
_c1167 _d1167 |
||
| 003 | AKMAL | ||
| 005 | 20170508145120.0 | ||
| 008 | 170508s1993 my 00 M d | ||
| 020 |
_a9838850411 (kkt.): _cRgt.3.50 |
||
| 040 | _aAKMAL | ||
| 082 | 0 | 4 | _a297.36 AMI |
| 090 |
_a297.36 _bAMI |
||
| 100 | 1 |
_aal-Amily, Ja'far Murtadha _92369 |
|
| 245 |
_aPerayaan maulid, khaul dan hari-hari besar Islam bukan suatu yang haram : _bJa'far Murtadha al-Amily / _cterjemah oleh: Masykur Ab. |
||
| 250 | _aMalaysia ed. | ||
| 260 |
_aKuala Lumpur : _bVictory Agencie, _c1993 |
||
| 300 |
_a107 ms. ; _c21cm |
||
| 500 | _aMengandungi ayat-ayat dari al-Quran | ||
| 500 | _aTerjemahan dari al Mawasim wa al Marasim | ||
| 521 | _aPeringkat pembaca : Dewasa | ||
| 650 |
_aIslam _xCustoms and practices _91330 |
||
| 650 |
_aMaulid al Nabi _92370 |
||
| 700 | 1 |
_aAb., Masykur _92371 |
|
| 942 |
_2ddc _cBOOK |
||